|
|
|
|
| LEADER |
00000nam a2200000 a 4500 |
| 001 |
vtls010568104 |
| 003 |
SK-MaSNL |
| 005 |
20260301214910.0 |
| 007 |
co cg auuua |
| 008 |
240314s2012 xo | fs 000 0 slo |
| 015 |
|
|
|a SNBS2015
|
| 020 |
|
|
|a 9788081054624
|q (elektronická kniha)
|
| 040 |
|
|
|a SNK
|b slo
|c SNK
|e AACR2
|
| 041 |
0 |
|
|a slo
|
| 043 |
|
|
|a e-xo---
|
| 044 |
|
|
|a xo
|c SK
|
| 072 |
|
7 |
|a 338.3/.4
|x Hospodárske a výrobné odvetvia
|2 konspekt
|
| 072 |
|
7 |
|a 658
|x Riadenie a správa podniku
|2 konspekt
|
| 080 |
|
|
|a 338.487:658.8
|2 2001
|
| 080 |
|
|
|a 658.8:316.77
|2 2001
|
| 080 |
|
|
|a 338.48-4:339.138
|2 2001
|
| 080 |
|
|
|a (048.8)
|2 2001
|
| 080 |
|
|
|a (0.034.44)
|2 2001
|
| 080 |
|
|
|a (437.6)
|2 2001
|
| 080 |
|
|
|a 338.48
|2 2001
|
| 100 |
1 |
|
|a Luptáková Bizubová, Jana
|4 aut
|9 504378
|
| 245 |
1 |
0 |
|a Imidž a marketingová komunikácia v cestovnom ruchu
|h elektronický zdroj
|c Jana Luptáková Bizubová, Martin Hromada, Petra Stejskalová
|
| 250 |
|
|
|a 1. vyd.
|
| 260 |
|
|
|a Trnava
|b Univerzita sv. Cyrila a Metoda
|c 2012
|
| 300 |
|
|
|a 1 elektronický optický disk (CD-ROM)
|b fareb.
|c 12 cm
|
| 500 |
|
|
|a Názov z titulnej obrazovky
|
| 504 |
|
|
|a Bibliogr. odkazy
|
| 516 |
|
|
|a Textový dokument (monografia), súbor vo formáte pdf
|
| 538 |
|
|
|a Technické požiadavky: PDF prehliadač
|
| 650 |
0 |
7 |
|a marketing cestovného ruchu
|2 SNKPH
|9 94109
|
| 650 |
0 |
7 |
|a marketing destinácií
|2 SNKPH
|9 317394
|
| 650 |
0 |
7 |
|a marketingová komunikácia
|2 SNKPH
|9 2300
|
| 650 |
0 |
7 |
|a cestovný ruch
|2 SNKPH
|9 999
|
| 650 |
0 |
7 |
|a Tourism marketing
|2 SNKPHeng
|9 333218
|
| 650 |
0 |
7 |
|a Communication in marketing
|2 SNKPHeng
|9 265704
|
| 650 |
0 |
7 |
|a Tourism
|2 SNKPHeng
|9 266335
|
| 650 |
0 |
7 |
|a Destination marketing
|2 SNKPHeng
|9 487770
|
| 651 |
|
7 |
|a Štrbské Pleso (Štrba, Slovensko)
|2 SNKPH
|9 174790
|
| 651 |
|
7 |
|a Štrbské Pleso (Štrba, Slovensko)
|2 SNKPHeng
|9 174790
|
| 655 |
|
7 |
|a elektronické zdroje
|2 SNKPH
|9 90954
|
| 655 |
|
7 |
|a CD-ROM
|2 SNKPH
|9 70236
|
| 655 |
|
7 |
|a monografie
|2 SNKPH
|9 70139
|
| 655 |
|
7 |
|a Electronic resources
|2 SNKPHeng
|9 175546
|
| 655 |
|
7 |
|a Monographs
|2 SNKPHeng
|9 120675
|
| 700 |
1 |
|
|a Hromada, Martin
|4 aut
|9 446470
|
| 700 |
1 |
|
|a Stejskalová, Petra
|4 aut
|9 603952
|
| 710 |
2 |
|
|a Univerzita sv. Cyrila a Metoda v Trnave.
|b Fakulta masmediálnej komunikácie
|4 pbl
|9 53921
|
| 919 |
|
|
|a 978-80-8105-462-4
|
| 958 |
|
|
|a NB
|
| 999 |
|
|
|c 926248
|d 928178
|
| 952 |
|
|
|a SNK
|b SNK
|y PREZ
|7 0
|p 17A1102095
|o snkSCDM 6191
|i snk2014/660
|8 0
|0 0
|1 0
|4 0
|d 2014-01-10
|l 0
|r 2026-02-24 08:32:23
|w 2026-02-24
|